[Event "DEM U12 2018"]
[Site "Willingen GER"]
[Date "2018.05.25"]
[Round "9"]
[White "Rössel, Gino"]
[Black "Laux, Dominik"]
[Result "0-1"]
[Termination "normal"]
[Board "6"]
[WhiteElo "1822"]
[BlackElo "1889"]
[WhiteClock "00:05:20"]
[BlackClock "00:03:51"]
[PlyCount "126"]
[WhiteFideId "16203070"]
[BlackFideId "12994219"]
[EventCountry "GER"]
[EventRounds "11"]
[EventType "swiss"]
[EventDate "2018.05.19"]

1. e4 {[%clk 1:15:56]} 1... g6 {[%clk 1:15:40]} 2. d4 {[%clk 1:16:10]} 2... Bg7
{[%clk 1:16:03]} 3. Nc3 {[%clk 1:16:19]} 3... c6 {[%clk 1:16:26]} 4. Nf3 {
[%clk 1:16:07]} 4... d6 {[%clk 1:16:51]} 5. Be2 {[%clk 1:10:37]} 5... Nf6 {
[%clk 1:16:43]} 6. h3 {[%clk 1:08:20]} 6... O-O {[%clk 1:16:29]} 7. O-O { [%clk
1:07:29]} 7... Nbd7 {[%clk 1:15:43]} 8. Be3 {[%clk 1:00:12]} 8... b5 { [%clk
1:12:26]} 9. a3 {[%clk 0:55:04]} 9... Bb7 {[%clk 1:07:16]} 10. Qd2 { [%clk
0:47:48]} 10... a5 {[%clk 1:03:15]} 11. e5 {[%clk 0:39:53]} 11... Ne8 { [%clk
0:59:38]} 12. exd6 {[%clk 0:38:32]} 12... Nxd6 {[%clk 0:59:50]} 13. Bh6 { [%clk
0:37:22]} 13... Nb6 {[%clk 0:52:02]} 14. Bxg7 {[%clk 0:36:36]} 14... Kxg7
{[%clk 0:52:18]} 15. b3 {[%clk 0:33:13]} 15... Nd5 {[%clk 0:44:32]} 16. Ne5 {
[%clk 0:30:17]} 16... Nxc3 {[%clk 0:32:34]} 17. Qxc3 {[%clk 0:29:55]} 17... f6
{[%clk 0:26:36]} 18. Nd3 {[%clk 0:22:33]} 18... Ne4 {[%clk 0:20:33]} 19. Qb2 {
[%clk 0:22:21]} 19... Qd6 {[%clk 0:20:07]} 20. Rad1 {[%clk 0:21:10]} 20... b4 {
[%clk 0:19:04]} 21. axb4 {[%clk 0:15:47]} 21... axb4 {[%clk 0:19:10]} 22. Nc5 {
[%clk 0:11:57]} 22... Nxc5 {[%clk 0:18:06]} 23. dxc5 {[%clk 0:12:21]} 23...
Qxc5 {[%clk 0:18:31]} 24. Rd7 {[%clk 0:11:56]} 24... Bc8 {[%clk 0:18:38]} 25.
Rd2 {[%clk 0:10:42]} 25... Be6 {[%clk 0:16:53]} 26. Rfd1 {[%clk 0:09:44]} 26...
Bd5 {[%clk 0:16:04]} 27. Qd4 {[%clk 0:06:42]} 27... Qxd4 {[%clk 0:13:59]} 28.
Rxd4 {[%clk 0:06:59]} 28... Rfb8 {[%clk 0:12:56]} 29. Bc4 {[%clk 0:05:47]}
29... e5 {[%clk 0:09:00]} 30. R4d3 {[%clk 0:04:02]} 30... Bxc4 {[%clk 0:08:22]}
31. bxc4 {[%clk 0:04:26]} 31... Ra2 {[%clk 0:08:04]} 32. Rc1 {[%clk 0:04:27]}
32... Rb7 {[%clk 0:06:27]} 33. Rb3 {[%clk 0:03:46]} 33... c5 {[%clk 0:05:24]}
34. c3 {[%clk 0:03:40]} 34... Ra3 {[%clk 0:05:33]} 35. Rcb1 {[%clk 0:03:43]}
35... Rxb3 {[%clk 0:05:41]} 36. Rxb3 {[%clk 0:04:08]} 36... Kf7 {[%clk 0:05:11]
} 37. Kf1 {[%clk 0:03:54]} 37... Ke6 {[%clk 0:04:59]} 38. Ke2 {[%clk 0:04:06]}
38... e4 {[%clk 0:03:58]} 39. Ke3 {[%clk 0:03:42]} 39... Ke5 {[%clk 0:03:44]}
40. g3 {[%clk 0:01:50]} 40... f5 {[%clk 0:02:39]} 41. h4 {[%clk 0:01:48]} 41...
h6 {[%clk 0:01:45]} 42. Rb2 {[%clk 0:13:58]} 42... b3 {[%clk 0:16:11]} 43. f4+
{[%clk 0:13:22]} 43... Kd6 {[%clk 0:14:06]} 44. Kd2 {[%clk 0:11:57]} 44... h5 {
[%clk 0:11:46]} 45. Kc1 {[%clk 0:09:49]} 45... Kc6 {[%clk 0:09:30]} 46. Kd1 {
[%clk 0:05:59]} 46... Rd7+ {[%clk 0:07:19]} 47. Ke2 {[%clk 0:06:11]} 47... Rd3
{[%clk 0:06:45]} 48. Rxb3 {[%clk 0:06:09]} 48... Rxg3 {[%clk 0:07:10]} 49. Ra3
{[%clk 0:05:39]} 49... Kb7 {[%clk 0:06:00]} 50. Rb3+ {[%clk 0:05:26]} 50... Kc7
{[%clk 0:05:50]} 51. Rb5 {[%clk 0:05:32]} 51... Kc6 {[%clk 0:06:10]} 52. Ra5 {
[%clk 0:05:57]} 52... Rg4 {[%clk 0:04:48]} 53. Ra6+ {[%clk 0:06:09]} 53... Kb7
{[%clk 0:05:02]} 54. Rf6 {[%clk 0:06:27]} 54... Rxh4 {[%clk 0:04:51]} 55. Rxg6
{[%clk 0:06:12]} 55... Rxf4 {[%clk 0:05:15]} 56. Rh6 {[%clk 0:06:15]} 56... h4
{[%clk 0:05:06]} 57. Kd2 {[%clk 0:06:11]} 57... Kc7 {[%clk 0:04:03]} 58. Ke2 {
[%clk 0:05:41]} 58... Kd7 {[%clk 0:04:13]} 59. Kd2 {[%clk 0:05:23]} 59... Rf2+
{[%clk 0:04:27]} 60. Ke1 {[%clk 0:05:23]} 60... Rf3 {[%clk 0:04:21]} 61. Rxh4 {
[%clk 0:05:39]} 61... Rxc3 {[%clk 0:04:47]} 62. Kd2 {[%clk 0:05:03]} 62... Rxc4
{[%clk 0:04:53]} 63. Ke3 {[%clk 0:05:20]} 63... Ke6 {[%clk 0:03:51]} 0-1

[Event "DEM U12 2018"]
[Site "Willingen GER"]
[Date "2018.05.25"]
[Round "9"]
[White "Bui, Bao Anh Le"]
[Black "Hommer, Jeremy"]
[Result "1/2-1/2"]
[Termination "normal"]
[Board "9"]
[WhiteElo "1974"]
[BlackElo "1897"]
[WhiteClock "00:01:49"]
[BlackClock "00:06:34"]
[PlyCount "68"]
[WhiteFideId "12970719"]
[BlackFideId "12992577"]
[EventCountry "GER"]
[EventRounds "11"]
[EventType "swiss"]
[EventDate "2018.05.19"]

1. e4 {[%clk 1:15:49]} 1... e6 {[%clk 1:15:54]} 2. d4 {[%clk 1:16:14]} 2... d5
{[%clk 1:16:21]} 3. Nc3 {[%clk 1:16:28]} 3... Nf6 {[%clk 1:16:49]} 4. Bg5 {
[%clk 1:16:44]} 4... dxe4 {[%clk 1:17:15]} 5. Nxe4 {[%clk 1:16:53]} 5... Be7 {
[%clk 1:17:39]} 6. Bxf6 {[%clk 1:17:18]} 6... gxf6 {[%clk 1:18:00]} 7. Nf3 {
[%clk 1:16:18]} 7... f5 {[%clk 1:18:20]} 8. Ng3 {[%clk 1:15:59]} 8... c6 {
[%clk 1:06:56]} 9. Qd2 {[%clk 1:13:05]} 9... Nd7 {[%clk 1:02:04]} 10. Nh5 {
[%clk 1:08:58]} 10... Bf8 {[%clk 0:44:51]} 11. Qf4 {[%clk 0:54:07]} 11... Rg8 {
[%clk 0:37:27]} 12. Ne5 {[%clk 0:27:41]} 12... Qg5 {[%clk 0:30:53]} 13. Nxd7 {
[%clk 0:25:51]} 13... Bxd7 {[%clk 0:29:11]} 14. Qxg5 {[%clk 0:25:19]} 14...
Rxg5 {[%clk 0:29:31]} 15. Nf6+ {[%clk 0:25:05]} 15... Ke7 {[%clk 0:28:27]} 16.
Nxh7 {[%clk 0:25:13]} 16... Rg4 {[%clk 0:26:56]} 17. Nxf8 {[%clk 0:25:02]}
17... Re4+ {[%clk 0:24:49]} 18. Kd2 {[%clk 0:24:51]} 18... Rxf8 {[%clk 0:25:01]
} 19. c3 {[%clk 0:25:14]} 19... Rd8 {[%clk 0:22:17]} 20. g3 {[%clk 0:20:42]}
20... Rg4 {[%clk 0:22:23]} 21. Be2 {[%clk 0:20:53]} 21... Rgg8 {[%clk 0:21:43]}
22. Kc2 {[%clk 0:16:36]} 22... Rc8 {[%clk 0:16:20]} 23. Bf3 {[%clk 0:15:53]}
23... Kf6 {[%clk 0:15:11]} 24. h4 {[%clk 0:15:08]} 24... b6 {[%clk 0:14:13]}
25. Rad1 {[%clk 0:13:03]} 25... Rc7 {[%clk 0:13:17]} 26. c4 {[%clk 0:09:14]}
26... Bc8 {[%clk 0:12:23]} 27. b4 {[%clk 0:07:56]} 27... c5 {[%clk 0:10:10]}
28. dxc5 {[%clk 0:06:03]} 28... bxc5 {[%clk 0:10:18]} 29. b5 {[%clk 0:06:30]}
29... Bb7 {[%clk 0:09:11]} 30. Bxb7 {[%clk 0:06:03]} 30... Rxb7 {[%clk 0:09:40]
} 31. Kc3 {[%clk 0:01:28]} 31... f4 {[%clk 0:08:30]} 32. Rhg1 {[%clk 0:01:16]}
32... fxg3 {[%clk 0:07:38]} 33. fxg3 {[%clk 0:01:43]} 33... Kf5 {[%clk 0:06:34]
} 34. Rdf1+ {[%clk 0:01:49]} 34... Ke5 1/2-1/2

[Event "DEM U12 2018"]
[Site "Willingen GER"]
[Date "2018.05.25"]
[Round "9"]
[White "Weidenhöfer, Max"]
[Black "Haack, Kevin"]
[Result "1/2-1/2"]
[Termination "normal"]
[Board "10"]
[WhiteElo "1709"]
[BlackElo "1846"]
[WhiteClock "00:04:03"]
[BlackClock "00:23:35"]
[PlyCount "51"]
[WhiteFideId "16230566"]
[BlackFideId "16228715"]
[EventCountry "GER"]
[EventRounds "11"]
[EventType "swiss"]
[EventDate "2018.05.19"]

1. e4 {[%clk 1:15:58]} 1... c5 {[%clk 1:15:57]} 2. Nf3 {[%clk 1:16:24]} 2... d6
{[%clk 1:16:22]} 3. d4 {[%clk 1:16:51]} 3... cxd4 {[%clk 1:16:50]} 4. Nxd4 {
[%clk 1:17:15]} 4... Nf6 {[%clk 1:17:11]} 5. Nc3 {[%clk 1:17:41]} 5... g6 {
[%clk 1:17:37]} 6. f3 {[%clk 1:18:06]} 6... Bg7 {[%clk 1:18:03]} 7. Be3 { [%clk
1:18:31]} 7... O-O {[%clk 1:18:27]} 8. Qd2 {[%clk 1:18:57]} 8... Nc6 { [%clk
1:18:52]} 9. O-O-O {[%clk 1:19:20]} 9... Bd7 {[%clk 1:17:45]} 10. h4 { [%clk
1:16:50]} 10... h5 {[%clk 1:18:03]} 11. Nxc6 {[%clk 1:14:31]} 11... Bxc6 {[%clk
1:16:03]} 12. Bh6 {[%clk 1:14:21]} 12... Rc8 {[%clk 1:13:52]} 13. g4 { [%clk
1:07:49]} 13... Qa5 {[%clk 1:07:35]} 14. Bxg7 {[%clk 1:02:39]} 14... Kxg7
{[%clk 1:07:56]} 15. gxh5 {[%clk 1:02:48]} 15... Nxh5 {[%clk 1:07:53]} 16. Bh3
{[%clk 1:02:35]} 16... Rc7 {[%clk 1:06:40]} 17. Rhg1 {[%clk 0:58:00]} 17... b5
{[%clk 1:00:28]} 18. Qg5 {[%clk 0:54:14]} 18... Rh8 {[%clk 0:56:04]} 19. f4 {
[%clk 0:44:49]} 19... Be8 {[%clk 0:52:47]} 20. f5 {[%clk 0:33:36]} 20... Rh6 {
[%clk 0:36:26]} 21. fxg6 {[%clk 0:32:38]} 21... f6 {[%clk 0:36:23]} 22. Qf5 {
[%clk 0:26:31]} 22... Bd7 {[%clk 0:35:28]} 23. Qd5 {[%clk 0:24:14]} 23... Be8 {
[%clk 0:34:41]} 24. Qf5 {[%clk 0:08:27]} 24... Bd7 {[%clk 0:23:22]} 25. Qd5 {
[%clk 0:04:06]} 25... Be8 {[%clk 0:23:35]} 26. Qf5 {[%clk 0:04:03]} 1/2-1/2

[Event "DEM U12 2018"]
[Site "Willingen GER"]
[Date "2018.05.25"]
[Round "9"]
[White "Phan Trong, Dai"]
[Black "Amato, Cristiano"]
[Result "1/2-1/2"]
[Termination "normal"]
[Board "13"]
[WhiteElo "1579"]
[BlackElo "1681"]
[PlyCount "122"]
[WhiteFideId "16236939"]
[BlackFideId "12998460"]
[EventCountry "GER"]
[EventRounds "11"]
[EventType "swiss"]
[EventDate "2018.05.19"]

1. c4 e5 2. Nc3 Nf6 3. g3 c6 4. Bg2 d5 5. cxd5 cxd5 6. d3 Nc6 7. Bg5 d4 8. Nd5
Be7 9. Nxe7 Qxe7 10. Nf3 O-O 11. O-O h6 12. Bxf6 Qxf6 13. Rc1 Be6 14. a3 a5 15.
Qd2 Qe7 16. Rxc6 bxc6 17. Nxe5 Bd5 18. Nxc6 Bxc6 19. Bxc6 Rac8 20. Bd5 Rc5 21.
Bc4 Re5 22. Re1 Re8 23. Qf4 Qd7 24. e4 dxe3 25. Rxe3 Rxe3 26. fxe3 Qe7 27. e4
Qc5+ 28. Qf2 Qxf2+ 29. Kxf2 a4 30. b4 axb3 31. Bxb3 Rb8 32. Bc4 Ra8 33. Ke3
Rxa3 34. Kd4 Kf8 35. Ke5 Ke7 36. d4 f6+ 37. Kd5 Ra5+ 38. Kc6 Ra8 39. Bb5 Rc8+
40. Kb7 Rd8 41. d5 Kd6 42. Bc6 Rf8 43. Kb6 f5 44. e5+ Kxe5 45. Kc5 Rd8 46. Bb7
g5 47. Kc4 Kd6 48. Bc6 Rf8 49. Kd4 f4 50. Ke4 f3 51. Bb5 f2 52. Bf1 Rb8 53. Ke3
Rb2 54. Be2 Kxd5 55. Kxf2 Ke4 56. h4 Ke5 57. Kf3 g4+ 58. Ke3 Rxe2+ 59. Kxe2 Kf6
60. Ke3 Kf5 61. Kd4 Ke6 1/2-1/2

[Event "DEM U12 2018"]
[Site "Willingen GER"]
[Date "2018.05.25"]
[Round "9"]
[White "Neuber, Pascal"]
[Black "Gluma, Christian"]
[Result "1/2-1/2"]
[Termination "normal"]
[Board "14"]
[WhiteElo "1782"]
[BlackElo "1601"]
[PlyCount "82"]
[WhiteFideId "16227611"]
[BlackFideId "16223209"]
[EventCountry "GER"]
[EventRounds "11"]
[EventType "swiss"]
[EventDate "2018.05.19"]

1. e4 e6 2. d4 d5 3. Nd2 Nf6 4. e5 Nfd7 5. Bd3 c5 6. c3 b5 7. Bxb5 Qb6 8. Qa4
a6 9. Bd3 Nc6 10. Ne2 cxd4 11. cxd4 Bb7 12. a3 Be7 13. O-O O-O 14. Nf3 Rfc8 15.
Bd2 a5 16. Rfc1 Ba6 17. Bxa6 Qxa6 18. Nc3 Nb6 19. Qb5 Nc4 20. Qxa6 Rxa6 21. Na4
Rb8 22. Bc3 Na7 23. Nd2 Nb6 24. Nxb6 Rbxb6 25. b4 axb4 26. Bxb4 Bxb4 27. axb4
Kf8 28. Rxa6 Rxa6 29. Kf1 Ra2 30. Ke1 Rb2 31. Rb1 Rxb1+ 32. Nxb1 Nb5 33. Kd2
Nxd4 34. Kc3 Nc6 35. f4 Ke8 36. b5 Nb8 37. Kb4 Kd7 38. Nc3 Kc7 39. Na4 Nd7 40.
g4 g6 41. h3 h6 1/2-1/2

[Event "DEM U12 2018"]
[Site "Willingen GER"]
[Date "2018.05.25"]
[Round "9"]
[White "Kort, Felix"]
[Black "Lehmann, Nils"]
[Result "0-1"]
[Termination "normal"]
[Board "15"]
[WhiteElo "1672"]
[BlackElo "1558"]
[PlyCount "66"]
[WhiteFideId "16220129"]
[BlackFideId "12982610"]
[EventCountry "GER"]
[EventRounds "11"]
[EventType "swiss"]
[EventDate "2018.05.19"]

1. d4 d5 2. c4 e6 3. Nc3 Nf6 4. cxd5 exd5 5. Bg5 Be7 6. e3 O-O 7. Bd3 Nbd7 8.
Qc2 c6 9. Nge2 Re8 10. O-O Nf8 11. f3 Ng6 12. e4 b6 13. Bxf6 Bxf6 14. e5 Be7
15. f4 Nf8 16. Rf3 c5 17. dxc5 bxc5 18. Rd1 d4 19. Ne4 Bb7 20. Rh3 Qd5 21. N2g3
Ng6 22. Nc3 Qd8 23. Bxg6 hxg6 24. Nge4 Qa5 25. Ne2 d3 26. Qxd3 Rad8 27. Qc2
Rxd1+ 28. Qxd1 Bxe4 29. Nc3 Rd8 30. Qe2 Bb7 31. Re3 Ba6 32. Qf3 c4 33. Qc6 Bc5
0-1

[Event "DEM U12 2018"]
[Site "Willingen GER"]
[Date "2018.05.25"]
[Round "9"]
[White "Wildermuth, Nikolas Karl"]
[Black "Sallandt, Frido"]
[Result "1/2-1/2"]
[Termination "normal"]
[Board "16"]
[WhiteElo "1495"]
[BlackElo "1524"]
[PlyCount "44"]
[WhiteFideId "16244699"]
[BlackFideId "16231767"]
[EventCountry "GER"]
[EventRounds "11"]
[EventType "swiss"]
[EventDate "2018.05.19"]

1. e4 e6 2. d4 d5 3. exd5 exd5 4. c4 Nf6 5. Nc3 Be7 6. Nf3 O-O 7. Bd3 c6 8. O-O
Nbd7 9. Re1 Re8 10. Bf4 dxc4 11. Bxc4 b5 12. Bb3 Bb7 13. d5 b4 14. d6 bxc3 15.
dxe7 Rxe7 16. Rxe7 Qxe7 17. Ng5 Nd5 18. Bxd5 cxd5 19. bxc3 h6 20. Nf3 Rc8 21.
Rb1 Nc5 22. Rb4 Na6 1/2-1/2

[Event "DEM U12 2018"]
[Site "Willingen GER"]
[Date "2018.05.25"]
[Round "9"]
[White "Hoffmann, Kay"]
[Black "Hagenbeck-Hübert, Ben"]
[Result "1/2-1/2"]
[Termination "normal"]
[Board "17"]
[WhiteElo "1247"]
[BlackElo "1760"]
[PlyCount "92"]
[WhiteFideId "16227000"]
[BlackFideId "16230779"]
[EventCountry "GER"]
[EventRounds "11"]
[EventType "swiss"]
[EventDate "2018.05.19"]

1. d4 d5 2. Bf4 c6 3. Nf3 Nf6 4. e3 g6 5. Bd3 Bg7 6. O-O O-O 7. Nbd2 Nbd7 8.
Ne5 Nh5 9. Qe2 Nxf4 10. exf4 f6 11. Nef3 Re8 12. f5 g5 13. h4 h6 14. hxg5 hxg5
15. Nh2 Qc7 16. Qh5 Kf8 17. Ng4 Nb6 18. Nh6 e6 19. fxe6 Bxh6 20. Qxh6+ Qg7 21.
e7+ Rxe7 22. Qxg7+ Rxg7 23. Rfe1 Bd7 24. Re3 Nc8 25. Nb3 b6 26. Rae1 Nd6 27.
Rf3 Kf7 28. Rfe3 Re8 29. Rxe8 {(=)} Bxe8 30. Nd2 Bd7 31. Nf1 Kf8 32. f3 Nf5 33.
Bxf5 Bxf5 34. Ne3 Re7 35. Kf2 Bd7 36. c3 Kf7 37. Nc2 Rxe1 38. Nxe1 Bf5 39. Ke3
{(=)} Ke6 40. g4 Bg6 41. Ng2 f5 42. Ne1 a5 43. Nd3 f4+ 44. Ke2 Bxd3+ 45. Kxd3
Kd6 46. a3 b5 1/2-1/2

[Event "DEM U12 2018"]
[Site "Willingen GER"]
[Date "2018.05.25"]
[Round "9"]
[White "Sieber, Bert"]
[Black "Hoke, Adrian Neo"]
[Result "0-1"]
[Termination "normal"]
[Board "18"]
[WhiteElo "1453"]
[BlackElo "1628"]
[PlyCount "64"]
[WhiteFideId "16265971"]
[BlackFideId "16218264"]
[EventCountry "GER"]
[EventRounds "11"]
[EventType "swiss"]
[EventDate "2018.05.19"]

1. d4 d5 2. c4 e6 3. Nc3 Nf6 4. Nf3 Nbd7 5. Bf4 a6 6. cxd5 exd5 7. e3 Be7 8.
Bd3 O-O 9. O-O c6 10. Qc2 Re8 11. Rab1 Nf8 12. h3 a5 13. a3 Nh5 14. Bh2 g6 15.
b4 Ng7 16. Rfc1 Nd7 17. Na4 Ne6 18. Nc5 Nexc5 19. bxc5 Bf6 20. Rb3 Bg7 21. Rcb1
f5 22. Bf1 Kh8 23. Ne1 Re6 24. Nd3 Qe8 25. Re1 Kg8 26. Qd2 Bf6 27. Nf4 Re7 28.
Bd3 Bxd4 29. Bxf5 Bxc5 30. Bxg6 hxg6 31. Nxd5 cxd5 32. Qxd5+ Qf7 0-1

[Event "DEM U12 2018"]
[Site "Willingen GER"]
[Date "2018.05.25"]
[Round "9"]
[White "Halabi, Ibrahim"]
[Black "Mimkes, Antal"]
[Result "1-0"]
[Termination "normal"]
[Board "19"]
[WhiteElo "1701"]
[BlackElo "1559"]
[PlyCount "55"]
[WhiteFideId "16241754"]
[BlackFideId "16265963"]
[EventCountry "GER"]
[EventRounds "11"]
[EventType "swiss"]
[EventDate "2018.05.19"]

1. e4 e5 2. Nf3 Nc6 3. Bc4 Nf6 4. d4 exd4 5. e5 d5 6. Bb5 Ne4 7. Nxd4 Bc5 8.
Be3 Qh4 9. O-O Bxd4 10. Qxd4 Qd8 11. f3 Ng5 12. Nc3 a6 13. Qa4 Bd7 14. Nxd5 Ne6
15. Be2 Nxe5 16. Qb3 Bc6 17. Rad1 Qh4 18. f4 Ng4 19. Bxg4 Qxg4 20. f5 Bxd5 21.
Rxd5 Nd8 22. Bc5 Qe2 23. Qc3 Ne6 24. fxe6 fxe6 25. Qxg7 exd5 26. Qxh8+ Kd7 27.
Qxa8 Qxc2 28. Qf8 1-0

[Event "DEM U12 2018"]
[Site "Willingen GER"]
[Date "2018.05.25"]
[Round "9"]
[White "Duduka, Artem"]
[Black "Stepanov, Maximilian"]
[Result "1/2-1/2"]
[Termination "normal"]
[Board "20"]
[WhiteElo "1598"]
[BlackElo "1300"]
[PlyCount "48"]
[WhiteFideId "14194805"]
[BlackFideId "16244680"]
[EventCountry "GER"]
[EventRounds "11"]
[EventType "swiss"]
[EventDate "2018.05.19"]

1. e4 c5 2. Nf3 Nc6 3. Bb5 d6 4. Bxc6+ bxc6 5. O-O Bg4 6. h3 Bh5 7. c3 Nf6 8.
Re1 e6 9. d4 cxd4 10. cxd4 d5 11. e5 Nd7 12. Nc3 c5 13. Be3 c4 14. a3 Rb8 15.
g4 Bg6 16. Qd2 Be7 17. Nh2 O-O 18. f4 Rb3 19. Rf1 Bd3 20. Rf2 Qb6 21. f5 Rb8
22. Ra2 Bh4 23. Rg2 Be7 24. Rf2 Bh4 1/2-1/2

[Event "DEM U12 2018"]
[Site "Willingen GER"]
[Date "2018.05.25"]
[Round "9"]
[White "Morczynski, Joachim"]
[Black "Tovmasyan, Minas"]
[Result "1-0"]
[Termination "normal"]
[Board "21"]
[WhiteElo "1665"]
[BlackElo "1480"]
[PlyCount "127"]
[WhiteFideId "16209745"]
[BlackFideId "16247620"]
[EventCountry "GER"]
[EventRounds "11"]
[EventType "swiss"]
[EventDate "2018.05.19"]

1. e4 c5 2. Nf3 e6 3. c4 Qc7 4. Nc3 a6 5. Be2 d6 6. d4 cxd4 7. Nxd4 Nf6 8. Be3
Bd7 9. f3 Be7 10. O-O O-O 11. Rc1 Nc6 12. Nd5 Qd8 13. Nxe7+ Qxe7 14. c5 d5 15.
Nxc6 Bxc6 16. e5 Nd7 17. f4 Rac8 18. b4 Rfd8 19. Qe1 Nf8 20. Bd4 Ng6 21. Bd3
Nh4 22. g4 Bd7 23. g5 Nf5 24. Bxf5 exf5 25. h4 Be6 26. Rf2 Kf8 27. Rg2 g6 28.
Rh2 Ke8 29. h5 Kd7 30. a4 Rh8 31. Qe2 Ke8 32. b5 axb5 33. axb5 Qc7 34. c6 bxc6
35. Rxc6 Qb7 36. Rxc8+ Qxc8 37. Qb2 Qb7 38. hxg6 fxg6 39. Rc2 Kf7 40. b6 Rc8
41. Rxc8 Bxc8 42. Bc5 Ke6 43. Qa3 Bd7 44. Kh2 Bc6 45. Kg3 Qa8 46. Qa7 Qb7 47.
Kf2 Kd7 48. Ke3 Ke6 49. Kd2 Kd7 50. Kc3 Ke6 51. Kc2 Kd7 52. Kb2 Ke6 53. Qa3 Be8
54. Bd4 Bc6 55. Qd6+ Kf7 56. Qf6+ Ke8 57. e6 Qe7 58. Kb3 Qxf6 59. gxf6 h5 60.
Bc5 h4 61. f7+ Kd8 62. f8=Q+ Be8 63. Qd6+ Kc8 64. Qc7# 1-0

[Event "DEM U12 2018"]
[Site "Willingen GER"]
[Date "2018.05.25"]
[Round "9"]
[White "Greßler, Christian"]
[Black "Hänselmann, Hendrik"]
[Result "0-1"]
[Termination "normal"]
[Board "23"]
[WhiteElo "1290"]
[BlackElo "1713"]
[PlyCount "82"]
[WhiteFideId "16244907"]
[BlackFideId "16232755"]
[EventCountry "GER"]
[EventRounds "11"]
[EventType "swiss"]
[EventDate "2018.05.19"]

1. e4 c5 2. Nf3 a6 3. d3 Nc6 4. Nbd2 g6 5. g3 Bg7 6. Bg2 d6 7. O-O e5 8. Re1
Nge7 9. Nh4 O-O 10. Nf1 d5 11. c3 Be6 12. f4 exf4 13. Bxf4 Rc8 14. Nf3 h6 15.
Qd2 Kh7 16. h4 Qd7 17. N1h2 Rfd8 18. Rad1 b6 19. Qe2 d4 20. c4 b5 21. b3 b4 22.
g4 a5 23. Ra1 Ra8 24. g5 h5 25. Qc2 Ra6 26. Reb1 Rda8 27. Nf1 a4 28. Qb2 Qa7
29. Bd2 axb3 30. Qxb3 Rxa2 31. Rxa2 Qxa2 32. Qxa2 Rxa2 33. Bf4 Nc8 34. Ne1 Be5
35. Bxe5 Nxe5 36. Rb3 Bd7 37. Rb1 Ba4 38. Ng3 Bc2 39. Nxc2 Rxc2 40. Bf1 Nf3+
41. Kh1 Rh2# 0-1

[Event "DEM U12 2018"]
[Site "Willingen GER"]
[Date "2018.05.25"]
[Round "9"]
[White "Gerdes, Jannes"]
[Black "Movsisyan, Andranik"]
[Result "0-1"]
[Termination "normal"]
[Board "24"]
[WhiteElo "1492"]
[BlackElo "1654"]
[PlyCount "52"]
[WhiteFideId "16254627"]
[BlackFideId "16240391"]
[EventCountry "GER"]
[EventRounds "11"]
[EventType "swiss"]
[EventDate "2018.05.19"]

1. e4 d5 2. exd5 Qxd5 3. Nc3 Qa5 4. Bc4 Nf6 5. d4 c6 6. Bd2 Qc7 7. Nf3 Bf5 8.
O-O e6 9. Re1 Be7 10. Ne2 Nbd7 11. Ng3 Bg6 12. c3 O-O-O 13. b4 Nb6 14. Bf1 h5
15. h4 Ng4 16. Ne5 Nxe5 17. Rxe5 Bxh4 18. a4 Bf6 19. Re1 e5 20. a5 Nd5 21. b5
exd4 22. bxc6 dxc3 23. Rc1 cxd2 24. cxb7+ Kb8 25. Rxc7 Nxc7 26. Re4 h4 0-1

[Event "DEM U12 2018"]
[Site "Willingen GER"]
[Date "2018.05.25"]
[Round "9"]
[White "May, Alexander"]
[Black "Sinnhöfer, Joshua"]
[Result "0-1"]
[Termination "normal"]
[Board "26"]
[WhiteElo "1373"]
[BlackElo "1536"]
[PlyCount "74"]
[WhiteFideId "16244974"]
[BlackFideId "16201361"]
[EventCountry "GER"]
[EventRounds "11"]
[EventType "swiss"]
[EventDate "2018.05.19"]

1. c4 Nf6 2. Nc3 e6 3. g3 d5 4. cxd5 exd5 5. Bg2 Bb4 6. Nf3 O-O 7. O-O Bg4 8.
a3 Ba5 9. b4 Bb6 10. Bb2 Re8 11. Rc1 c6 12. Re1 Ne4 13. Nxe4 dxe4 14. Ne5 Bf5
15. Nc4 Na6 16. Nxb6 Qxb6 17. Kh1 Nc7 18. Rf1 Rad8 19. Qb3 Nb5 20. e3 Rd3 21.
Bc3 Nxc3 22. dxc3 Be6 23. Qb2 Bc4 24. Rfd1 Red8 25. Rxd3 exd3 26. Rd1 Qa6 27.
Bf1 Qb5 28. Qb1 d2 29. Bxc4 Qxc4 30. Qb2 Qe2 31. Qc2 Qxf2 32. e4 Qe2 33. Kg1
Rd3 34. e5 Rf3 35. a4 Rf2 36. h4 Qe1+ 37. Rxe1 dxe1=Q# 0-1

[Event "DEM U12 2018"]
[Site "Willingen GER"]
[Date "2018.05.25"]
[Round "9"]
[White "Dornheim, Carl Friedrich"]
[Black "Pikalow, Michael"]
[Result "0-1"]
[Termination "normal"]
[Board "27"]
[WhiteElo "1441"]
[BlackElo "1540"]
[PlyCount "80"]
[WhiteFideId "16252314"]
[BlackFideId "16227638"]
[EventCountry "GER"]
[EventRounds "11"]
[EventType "swiss"]
[EventDate "2018.05.19"]

1. e4 c5 2. Nf3 d6 3. d4 cxd4 4. Nxd4 Nf6 5. Nc3 g6 6. f3 Bg7 7. Be3 O-O 8. Qd2
Nc6 9. O-O-O d5 10. Nxc6 bxc6 11. exd5 cxd5 12. Nxd5 Nxd5 13. Qxd5 Qc7 14. Qd2
Rb8 15. c3 Be6 16. Bf4 Be5 17. Bxe5 Qxe5 18. b3 Rfc8 19. Kb2 a5 20. Qd4 Qc7 21.
Rc1 Rd8 22. Qa4 Bd7 23. Qc4 Bc6 24. Bd3 a4 25. Be4 Rb6 26. Bxc6 Rxc6 27. Qb4
axb3 28. axb3 Rb6 29. Qa4 Qb7 30. Rhd1 Ra8 31. Qc4 Rc8 32. Qa4 Ra8 33. Qc4 Rc8
34. Qd5 Qb8 35. g3 e6 36. Qd4 Rxb3+ 37. Ka2 Rb2+ 38. Ka1 Rxh2 39. Qb4 Qa7+ 40.
Kb1 Qa2# 0-1

[Event "DEM U12 2018"]
[Site "Willingen GER"]
[Date "2018.05.25"]
[Round "9"]
[White "Ljuca, Semir"]
[Black "Hochlenert, Ben"]
[Result "1-0"]
[Termination "normal"]
[Board "28"]
[WhiteElo "1344"]
[BlackElo "1023"]
[PlyCount "143"]
[WhiteFideId "16216130"]
[BlackFideId "16265980"]
[EventCountry "GER"]
[EventRounds "11"]
[EventType "swiss"]
[EventDate "2018.05.19"]

1. e4 e5 2. Nf3 Nc6 3. Bc4 Bc5 4. O-O Nf6 5. d4 Bxd4 6. Nxd4 exd4 7. Bg5 d6 8.
Bb5 a6 9. Bxc6+ bxc6 10. Qxd4 Qe7 11. Re1 Qe5 12. Bxf6 gxf6 13. Qc3 Bd7 14. Rf1
Rg8 15. f4 Qxc3 16. Nxc3 Bh3 17. Rf2 O-O-O 18. f5 d5 19. Kh1 dxe4 20. gxh3 e3
21. Re2 Rde8 22. Rf1 Re5 23. Nd1 Rge8 24. Rf3 Kd7 25. Nxe3 Rg8 26. Rg3 Rxg3 27.
hxg3 Re4 28. Rd2+ Ke7 29. Rd3 h5 30. Kg2 Re5 31. Kf3 Kf8 32. Rd4 Rb5 33. b3 Kg7
34. Kf4 Re5 35. Re4 Rb5 36. a4 Rb8 37. Nc4 Rd8 38. Na5 Rd6 39. Rc4 Rd1 40. Rxc6
Rf1+ 41. Ke4 Rh1 42. h4 Re1+ 43. Kd5 Re5+ 44. Kc4 Rxf5 45. Rxc7 Rf2 46. Kb4 Rf3
47. Rc3 Rf5 48. Rd3 Re5 49. c4 Re4 50. Rc3 Kg6 51. Nb7 Re7 52. Nc5 Ra7 53. Nd3
a5+ 54. Kb5 Kf5 55. c5 Ke6 56. c6 Kd6 57. c7 Rxc7 58. Rxc7 Kxc7 59. Kxa5 f5 60.
Kb5 f4 61. gxf4 f5 62. a5 Kb7 63. Nc5+ Ka8 64. a6 Ka7 65. Kc6 Ka8 66. b4 Ka7
67. b5 Ka8 68. Nd7 Ka7 69. b6+ Ka8 70. b7+ Ka7 71. b8=Q+ Kxa6 72. Qb6# 1-0